000 00528nam a22001697a 4500
003 SGT
020 _a9788131725993
082 _a338.5,PIN
100 _aPINDYCK,ROBERT S
245 _aMICROECONOMICS
250 _a7TH
260 _aNEW DELHI
_bPEARSON
_c2015
300 _a674
650 _aPRODUCTION
653 _aINTRODUCATION: MARKETS AND PRICES, PRODUCERS, CONSUMERS AND COMPETITIVE MARKETS, MARKET STRUCTURE AND COMPETITIVE STRATEGY, INFORMATION MARKET FAILURE AND THE ROLE, RISK AND UNCERTAINTY
942 _2ddc
_cFCM
_03
999 _c8945
_d8945